000 00295nam a2200133Ia 4500
100 _aBeiser/Arthur
942 _cBK
654 _aphysics
245 _aTheory & problems of applied physics
260 _bMc Graw Hill Int
_aSingapore
_c1986
300 _a273
546 _aENGLISH
999 _c19353
_d19353